[Event "GER-ch U12"]
[Site "Willingen"]
[Date "2003.06.09"]
[Round "3"]
[White "Mischke, Daniel"]
[Black "Zikeli, Julia"]
[Result "1/2-1/2"]
[WhiteElo "1238"]
[BlackElo "1420"]
[PlyCount "57"]
[EventDate "2003.06.08"]
[EventType "swiss"]
[EventRounds "11"]
[EventCountry "GER"]
[SourceTitle "CBM 094 Extra"]
[Source "ChessBase"]
[SourceDate "2003.07.09"]
[SourceVersion "2"]
[SourceVersionDate "2003.07.09"]
[SourceQuality "1"]

1. e4 e6 2. d4 d5 3. exd5 exd5 4. Bf4 Nf6 5. Nf3 Bg4 6. Nbd2 Be7 7. Bd3 0-0 8. 0-0 Nbd7 9. c3 c6 10. Qc2 Re8 11. Rfe1 Qb6 12. Ng5 Nf8 13. Re3 Ng6 14. Bg3 c5 15. dxc5 Bxc5 16. Ree1 Nh5 17. Nf1 Nxg3 18. Nxg3 h6 19. Nh3 Ne5 20. b4 Nxd3 21. Rxe8+ Rxe8 22. Qxd3 Bd6 23. Qxd5 Be6 24. Qd3 Rd8 25. Qc2 Rc8 26. Qb2 Be5 27. Rc1 a5 28. a3 Rc4 29. Kh1 1/2-1/2

[Event "GER-ch U12"]
[Site "Willingen"]
[Date "2003.06.08"]
[Round "2"]
[White "Schroer, Claus"]
[Black "Mischke, Daniel"]
[Result "1/2-1/2"]
[WhiteElo "1475"]
[BlackElo "1238"]
[PlyCount "45"]
[EventDate "2003.06.08"]
[EventType "swiss"]
[EventRounds "11"]
[EventCountry "GER"]
[SourceTitle "CBM 094 Extra"]
[Source "ChessBase"]
[SourceDate "2003.07.09"]
[SourceVersion "2"]
[SourceVersionDate "2003.07.09"]
[SourceQuality "1"]

1. e4 Nf6 2. e5 Nd5 3. d4 d6 4. exd6 cxd6 5. Nf3 Bg4 6. Be2 e6 7. b3 Nc6 8. c4 Nb6 9. 0-0 g6 10. Bb2 Bg7 11. Qd2 0-0 12. Na3 d5 13. c5 Nd7 14. Nc2 Re8 15. Ne3 Bxf3 16. Bxf3 Qh4 17. Rfd1 Nf6 18. g3 Qh6 19. Bg2 Rad8 20. b4 a6 21. f3 Re7 22. a3 Red7 23. Ra2 1/2-1/2

[Event "GER-ch U12"]
[Site "Winterberg"]
[Date "2002.05.21"]
[Round "6"]
[White "Jehle, Anja"]
[Black "Mischke, Daniel"]
[Result "1/2-1/2"]
[WhiteElo "1402"]
[BlackElo "1286"]
[PlyCount "40"]
[EventDate "2002.05.19"]
[EventType "swiss"]
[EventRounds "11"]
[EventCountry "GER"]
[SourceTitle "CBM 088 Extra"]
[Source "ChessBase"]
[SourceDate "2002.07.01"]
[SourceVersion "2"]
[SourceVersionDate "2002.07.01"]
[SourceQuality "1"]

1. e4 Nf6 2. Nc3 d5 3. e5 d4 4. exf6 dxc3 5. fxe7 cxd2+ 6. Bxd2 Bxe7 7. Nf3 Bg4 8. Be2 Nc6 9. 0-0 0-0 10. Re1 Re8 11. Bc3 Qxd1 12. Raxd1 Rad8 13. Rxd8 Rxd8 14. Bb5 Bc5 15. Bxc6 bxc6 16. Ne5 Bd7 17. Nxd7 Rxd7 18. Kf1 h6 19. a3 f6 20. Ke2 Re7+ 1/2-1/2

[Event "GER-ch U12"]
[Site "Winterberg"]
[Date "2002.??.??"]
[Round "1"]
[White "Mischke, Daniel"]
[Black "Forchmann, Georg"]
[Result "0-1"]
[WhiteElo "1286"]
[BlackElo "1577"]
[PlyCount "34"]
[EventDate "2002.05.19"]
[EventType "swiss"]
[EventRounds "11"]
[EventCountry "GER"]
[SourceTitle "CBM 088 Extra"]
[Source "ChessBase"]
[SourceDate "2002.07.01"]
[SourceVersion "2"]
[SourceVersionDate "2002.07.01"]
[SourceQuality "1"]

1. e4 e6 2. d4 d5 3. exd5 exd5 4. Bf4 Bd6 5. Bg3 Ne7 6. Bd3 Bf5 7. Qe2 0-0 8. Bxf5 Nxf5 9. Qd3 Qd7 10. Nf3 Re8+ 11. Ne5 f6 12. Qf3 c6 13. Qc3 fxe5 14. Bxe5 Qe7 15. f4 Bb4 16. Qxb4 Qxb4+ 17. c3 Qxb2 0-1

[Event "GER-ch U10"]
[Site "Willingen"]
[Date "2001.06.09"]
[Round "11"]
[White "Dzodziev, Mark"]
[Black "Mischke, Daniel"]
[Result "1/2-1/2"]
[WhiteElo "1186"]
[BlackElo "1011"]
[PlyCount "40"]
[EventDate "2001.06.03"]
[EventType "swiss"]
[EventRounds "11"]
[EventCountry "GER"]
[SourceTitle "EXT 2003"]
[Source "ChessBase"]
[SourceDate "2002.11.25"]
[SourceVersion "1"]
[SourceVersionDate "2002.11.25"]
[SourceQuality "1"]

1. c4 e6 2. d3 Nf6 3. Nc3 d5 4. b3 g6 5. Nf3 Bg7 6. Bb2 0-0 7. g3 b6 8. Bg2 Bb7 9. 0-0 Nc6 10. e3 Qd7 11. b4 Nxb4 12. Ne5 Qd8 13. Ba3 c5 14. Rb1 Nc6 15. Nxc6 Bxc6 16. Nb5 Bxb5 17. cxb5 Rb8 18. d4 Qc7 19. Qc2 Rfc8 20. Rfc1 c4 1/2-1/2